000
00328nam a2200133Ia 4500
008
151001s9999||||xx |||||||||||||| ||und||
100
_a
नयना आचार्य
245
_a
वावडी
250
_a
1
260
_b
गिता एजन्सी
260
_c
2003
300
_a
174
365
_b
18
999
_c
982532
_d
982529